书目信息 |
| 题名: |
文献标引工作
|
|
| 作者: | 刘湘生 , 汪东波 主编 | |
| 分册: | ||
| 出版信息: | 北京 北京图书馆出版社 2001.02 |
|
| 页数: | 231页 | |
| 开本: | 20cm | |
| 丛书名: | 图书馆岗位培训教材 | |
| 单 册: | ||
| 中图分类: | G254 | |
| 科图分类: | ||
| 主题词: | 图书馆学 , 图书馆事业 | |
| 电子资源: | ||
| ISBN: | 7-5013-1734-8 | |
| 000 | 00715nam0 2200241 45 | |
| 001 | 0263468642 | |
| 005 | 2002051317374864 | |
| 010 | @a7-5013-1734-8@dCNY 11.50 | |
| 100 | @a20020513d2001 km y0chiy0120 ea | |
| 101 | 0 | @achi |
| 102 | @aCN@b110000 | |
| 200 | 1 | @a文献标引工作@Awen xian biao yin gong zuo@f刘湘生,汪东波主编@FLiu Xiang Sheng,Wang Dong Bo Zhu Bian |
| 210 | @a北京@c北京图书馆出版社@d2001.02 | |
| 215 | @a231页@d20cm | |
| 225 | 2 | @a图书馆岗位培训教材 |
| 410 | 0 | @12001 @a图书馆岗位培训教材 |
| 606 | 0 | @a图书馆学 |
| 606 | 0 | @a图书馆事业 |
| 690 | @aG254@v3 | |
| 701 | 0 | @a刘湘生@ALiu Xiang Sheng@4主编 |
| 701 | 0 | @a汪东波@AWang Dong Bo@4主编 |
| 801 | 0 | @aCN@bPFT@c20020513 |
| 905 | @a@dG254@eL696 | |
| 文献标引工作/刘湘生,汪东波主编.-北京:北京图书馆出版社,2001.02 |
| 231页;20cm.-(图书馆岗位培训教材) |
| ISBN 7-5013-1734-8:CNY 11.50 |
| ● |
| 相关链接 |
|
|
|
正题名:文献标引工作
索取号:G254/L696
 
预约/预借
| 序号 | 登录号 | 条形码 | 馆藏地/架位号 | 状态 | 备注 |
| 1 | 372751 | 203727510 | 社科库409/ [索取号:G254/L696] | 在馆 | |
| 2 | 372752 | 203727529 | 社科库409/409社科库 59排5列3层/ [索取号:G254/L696] | 在馆 |